| 000 | 00497cam a2200205ua 4500 | ||
|---|---|---|---|
| 020 | _c2.00 | ||
| 041 |
_aeng _h |
||
| 082 |
_a823.301 _bKRI/TW |
||
| 100 | _aKrishnamurthy, S . | ||
| 245 | 0 | 0 |
_aTwentieth century adventures / _cS Krishnamurthy. _hTextual Documents |
| 250 |
_a1 / _b. |
||
| 260 |
_aLondon : _bOrient-Longman Ltd , _c1969. |
||
| 300 | _a135 ; . | ||
| 365 | _a2.00 | ||
| 504 | _a | ||
| 942 | _cBK | ||
| 999 |
_c5570 _d5570 |
||